Movies Quiz

Random Movies or Decade Quiz
Score 0/20 Timer 06:00
6 Plays Today
% Correct
Mary Poppins
92.4%
Planet of the Apes
92.3%
Bonnie and Clyde
92.1%
Night of the Living Dead
90.9%
The Magnificent Seven
90.7%
The Music Man
89.1%
The Sound of Music
85.8%
The Graduate
83.2%
It's a Mad, Mad, Mad, Mad World
80%
La Dolce Vita
78.1%
% Correct
2001: A Space Odyssey
76.9%
The Dirty Dozen
74.3%
Butch Cassidy and the Sundance Kid
74.1%
In the Heat of the Night
73.5%
Cool Hand Luke
70.8%
Goldfinger
69.8%
Dr. Strangelove
68.8%
The Man Who Shot Liberty Valance
67.7%
Doctor Zhivago
65.7%
Spartacus
64.1%

You're not logged in!

Compare scores with friends on all Sporcle quizzes.
OR
Log In

Sporcle TV

Today on Sporcle TV


Watch our educational content, quiz creation guides, and fun videos on Sporcle TV.

Show Comments

Extras

Top Quizzes Today


Score Distribution

Paid Content

Your Account Isn't Verified!

In order to create a playlist on Sporcle, you need to verify the email address you used during registration. Go to your Sporcle Settings to finish the process.

Report this User

Report this user for behavior that violates our Community Guidelines.

Details: